Fundamentals of Industrial Hygiene

Saved in:
Bibliographic Details
Other Authors: Plog, Barbara A.
Format: Book
Language:English
Published: Chicago National Safety Council 1988
Edition:3. ed.
Subjects:
Tags: Add Tag
No Tags, Be the first to tag this record!

MARC

LEADER 00000nam a2200000 4500
001 c010795
005 20221206134226.2
020 |a 0-87912-082-7 
041 0 |a eng 
044 |a US 
245 1 0 |a Fundamentals of Industrial Hygiene  |c Edit. Barbara A. Plog 
250 |a 3. ed. 
264 1 |a Chicago  |b National Safety Council  |c 1988 
300 |a 915 s. 
610 2 0 |a hygiena práce 
610 2 0 |a priemysel 
610 2 0 |a podmienky pracovné 
610 2 0 |a vplyvy na prácu 
610 2 0 |a ochrana zdravia 
610 2 0 |a prostredie pracovné 
610 2 0 |a regulácia štátna 
610 2 0 |a prostriedky pracovné ochranné 
610 2 0 |a zariadenia bezpečnostné 
700 1 |a Plog, Barbara A.